| 000 | 00461nam a2200217Ia 4500 | ||
|---|---|---|---|
| 005 | 20250425162707.0 | ||
| 008 | 250425s9999 xx 000 0 und d | ||
| 041 | _aeng | ||
| 043 | _ait | ||
| 082 | _a639.8 | ||
| 245 | 0 | _aAQUACULTURE PRODUCTION-1984-1990 | |
| 250 | _aS.E | ||
| 260 |
_aItalia _bFAO _c1990 |
||
| 260 | _aROMA | ||
| 300 | _a206 | ||
| 500 | _aFAO | ||
| 650 | _aACUACULTURA | ||
| 650 | _aACUACULTURA | ||
| 942 | _c01 | ||
| 010 | _a97104 | ||
| 999 |
_c234490 _d234490 |
||